Toán học đại cương A
Gồm số thực, giới hạn hàm số một biến số thực, phép tính vi phân và tích phân hàm số một biến số thực, số phức, ma trận, định thức hệ phương trình đại số tuyến tính, không gian tuyến tính...
Guardat en:
| Autor principal: | |
|---|---|
| Format: | Llibre |
| Idioma: | Undetermined |
| Publicat: |
Hà Nội
Giáo Dục
1997
|
| Matèries: | |
| Etiquetes: |
Afegir etiqueta
Sense etiquetes, Sigues el primer a etiquetar aquest registre!
|
| Thư viện lưu trữ: | Trung tâm Học liệu Trường Đại học Cần Thơ |
|---|
| LEADER | 00809nam a2200193Ia 4500 | ||
|---|---|---|---|
| 001 | CTU_47436 | ||
| 008 | 210402s9999 xx 000 0 und d | ||
| 082 | |a 510 | ||
| 082 | |b H420/T.1 | ||
| 100 | |a Doãn, Tam Hòe | ||
| 245 | 0 | |a Toán học đại cương A | |
| 245 | 0 | |c Doãn Tam Hòe | |
| 260 | |a Hà Nội | ||
| 260 | |b Giáo Dục | ||
| 260 | |c 1997 | ||
| 520 | |a Gồm số thực, giới hạn hàm số một biến số thực, phép tính vi phân và tích phân hàm số một biến số thực, số phức, ma trận, định thức hệ phương trình đại số tuyến tính, không gian tuyến tính | ||
| 650 | |a Mathematics | ||
| 904 | |i Trọng Hải | ||
| 980 | |a Trung tâm Học liệu Trường Đại học Cần Thơ | ||